Ekstraklasa 2024/25 - dopasuj klub do województwa. - Statystyki

Ogólne statystyki
  • Ten quiz został rozwiązany 208 razy
  • Średni wynik to 15 z 18
Statystyki odpowiedzi
Hint Odpowiedź % Poprawnych
Lech Poznań wielkopolskie
96%
Legia Warszawa mazowieckie
93%
Widzew Łódź łódzkie
91%
Pogoń Szczecin zachodniopomorskie
91%
Motor Lublin lubelskie
89%
Cracovia małopolskie
89%
GKS Katowice śląskie
88%
Jagiellonia Białystok podlaskie
86%
Górnik Zabrze śląskie
86%
Lechia Gdańsk pomorskie
84%
Śląsk Wrocław dolnośląskie
81%
Piast Gliwice śląskie
81%
Korona Kielce świętokrzyskie
81%
Radomiak Radom mazowieckie
80%
Raków Częstochowa śląskie
73%
Zagłebie Lubin dolnośląskie
70%
Puszcza Niepołomice małopolskie
68%
Stal Mielec podkarpackie
62%
Nie znaleziono quizów pasujących do podanych kryteriów
Rozkład punktacji
Procent ludzi z każdym wynikiem
Percentyl według liczby udzielonych odpowiedzi
Twoja historia wyników
Nie rozwiązałeś tego quizu